Pochette d’album devine l’artiste - Statistiques

Statistiques générales
  • Ce quiz a été pris 412 fois
  • Le résultat moyen est 30 sur 52
Statistiques - réponses
Par images Réponse % Correct
Aya nakamura
94%
Rihanna
92%
Sch
89%
Ariana grande
88%
Niska
87%
Plk
86%
Travis Scott
85%
Mhd
81%
Drake
80%
The Weeknd
78%
Hamza
77%
Gradur
74%
Jok’air
74%
Kendrick Lamar
74%
Josman
70%
Nemir
70%
Nepal
70%
Lana del rey
66%
Luidji
65%
Michael jackson
65%
Zola
65%
Olivia Rodrigo
64%
Werenoi
63%
Jorja smith
61%
Mac miller
61%
Laylow
59%
Sdm
59%
Asap rocky
58%
Freeze corleone
55%
S pri noir
55%
Kanye West
53%
La fève
53%
Mz
50%
Pop smoke
50%
Tayc
48%
Georgio
47%
Kalash
46%
Ateyaba
45%
Juice wrld
44%
Bad bunny
43%
Childish gambino
37%
Post Malone
37%
Giveon
33%
J Cole
33%
Cigarette after sex
31%
Kid cudi
27%
Madeinparis
27%
Zamdane
25%
Rounhaa
24%
Bekar
21%
Dave
17%
Frenetik
7%
Aucun quiz correspondant
Distribution des résultats
% des personnes avec chaque résultat
Percentile par nombre de réponses
Votre historique - résultats
Vous n’avez pas pris ce quiz